Môi trường và phát triển

Sách trình bày các quan hệ giữa môi trường và sinh thái, môi trưởng với phát triển và cung cấp những kiến thức cơ bản về quản lý môi trường.

Spremljeno u:
Bibliografski detalji
Glavni autor: Nguyễn, Đức Khiển
Format: Knjiga
Jezik:Undetermined
Izdano: Hà Nội Khoa học và Kỹ thuật 2001
Teme:
Oznake: Dodaj oznaku
Bez oznaka, Budi prvi tko označuje ovaj zapis!
Thư viện lưu trữ: Trung tâm Học liệu Trường Đại học Cần Thơ
LEADER 00824nam a2200205Ia 4500
001 CTU_51588
008 210402s9999 xx 000 0 und d
020 |c 28000 
082 |a 333.7 
082 |b Kh305 
100 |a Nguyễn, Đức Khiển 
245 0 |a Môi trường và phát triển 
245 0 |c Nguyễn Đức Khiển 
260 |a Hà Nội 
260 |b Khoa học và Kỹ thuật 
260 |c 2001 
520 |a Sách trình bày các quan hệ giữa môi trường và sinh thái, môi trưởng với phát triển và cung cấp những kiến thức cơ bản về quản lý môi trường. 
650 |a Environmental economics,Environmental protection 
904 |i Minh 
980 |a Trung tâm Học liệu Trường Đại học Cần Thơ